| 000 | 00381nam a22001457a 4500 | ||
|---|---|---|---|
| 041 | _aENG | ||
| 100 | _aDR.Vaidya .V.G | ||
| 245 | _aCrop Production and Field Experimentation | ||
| 250 | _aFirst Edition | ||
| 260 |
_aPune _bA.A Kulkarni Continental _c1972 |
||
| 300 | _a516 | ||
| 650 | _aAgricultural | ||
| 700 | _aSahasrabuddhe .K.R ,DR. Khuspe .V.S | ||
| 856 | _uAgricultural | ||
| 999 |
_c236 _d236 |
||